كشف موقف الغزالي من السنة و أهلها و نقد بعض آرائه / (رقم التسجيلة. 5010)

تفاصيل مارك
000 -الفاتح
عناصر البيانات ثابتة الطول 00741cam a2200193 i 4500
005 - تاريخ ووقت آخر معاملة
حقل ضبط 20251228104113.0
008 - عناصر البيانات ثابتة الطول
عناصر البيانات ثابتة الطول 250721s1994 le gr 000 0 ara d
082 14 - رقم تصنيف ديوي العشري
رقم التصنيف 218,61
رقم المادة ر ب ي
100 1# - مدخل رئيسي – اسم شخصي
الاسم الشخصي المدخلي، ربيع بن هادي
علاقة الشخص بالعمل/ دوره مؤلف.
245 10 - بيان العنوان
العنوان كشف موقف الغزالي من السنة و أهلها و نقد بعض آرائه /
بيان المسؤولية تأليف الدكتور ربيع بن هادي المدخلي.
250 ## - بيان الطبعة
بيان الطبعة الطبعه الثانية.
264 31 - بيانات النشر، التوزيع…إلخ
مكان النشر، التوزيع...إلخ بيروت :
اسم الناشر، الموزع...إلخ دار الجيل،
تاريخ النشر، التوزيع...إلخ 1994.
300 ## - الوصف المادي
عدد الوحدات المكونة للوعاء 213 صفحة.
650 17 - مدخل إضافي بالموضوع - مصطلح موضوعي
مصطلح موضوعي أو اسم جغرافي كعنصر مدخل الإسلام.
650 17 - مدخل إضافي بالموضوع - مصطلح موضوعي
مصطلح موضوعي أو اسم جغرافي كعنصر مدخل دفع المطاعن عن الإسلام.
650 17 - مدخل إضافي بالموضوع - مصطلح موضوعي
مصطلح موضوعي أو اسم جغرافي كعنصر مدخل السيرة النبوية.
942 ## - بيانات إضافية (كوها)
نوع التنصيف Dewey Decimal Classification
نوع المادة (كوها) كتب
المقتنيات
حالة السحب حالة الفقدان مصدر التصنيف حالة التلف غير قابل للإعارة المكتبة الرئيسية المكتبة الحالية موقع الرف تاريخ التزويد الرقم المتسلسل Total Checkouts رقم الإستدعاء الباركود تاريخ آخر ظهور تاريخ الفاتورة نوع المادة (كوها)
    Dewey Decimal Classification     المكتبة المركزية المكتبة المركزية الإعارة 06/07/2004 225260   218,61 / ر ب ي 225260 28/07/2025 06/07/2004 كتب
Implemented & Customized by: BBB with SCIT (Smart Chains for Information Technology)

Powered by Koha